000 00812nam a2200253Ia 4500
001 21991
005 20260320113332.0
008 260320s9999||||xx |||||||||||||| ||und||
020 _a9788431339548
041 _aESP
082 _a240
_bI74
100 _aIrrazábal, Gustavo,
_eAUT
245 0 _aIntroducción a la moral social católica
_b
246 _a
_5
_b
260 _aPamplona :
_bEdiciones Universidad de Navarra,
_c2025
300 _a296 páginas :
_b
_c22 cm.
_e
440 _a(Religión)
_n
_v
650 _aREL
653 _aMoral cristiana; Ética social; Doctrina social de la Iglesia
654 _aCHU
700 _a
_c
856 _uhttps://0u20fmutw-y-https-research-ebsco-com.itmsp.museknowledge.com/c/qxo6us/search
_zVéase además: Base de datos EBSCOhost
942 _cLIB
_dJUS
_fMAT
_2ddc
_n
999 _c21991
_d21991